Представление документа в формате RUSMARC

ПолеНазваниеЗначение
  Тип записи a
  Библиографический уровень m
001 Контрольный номер RU/SLIB/B/208710214
005 Дата корректировки 20201206203907.0
010 Индекс ISBN __
d Цена 41-73
101 Язык документа __
a Язык текста rus
c Язык оригинала eng
200 Заглавие и сведения об ответственности 0_
a Заглавие 100 чудесных рецептов пирогов и тортов
f Первые сведения об ответственности пер. с англ. И. Ляхович
b Общее обозначение материала Текст
210 Выходные данные __
a Место издания М.
c Издательство Крон-Пресс
d Дата издания 1997
215 Физическое описание __
a Объем 132 с.
c Иллюстрации/тип воспроизводства ил.
327 Примечание о содержании __
a Примечание о содержании Сто чудесных рецептов пирогов и тортов
606 Тематические рубрики __
a Основная рубрика Пищевые производства
606 Тематические рубрики __
a Основная рубрика Сервис общественного питания
610 Ключевые слова __
a Ключевые слова блюда из муки; выпечка; рецепты; пироги; торты
686 Индексы других классификаций __
2 Код системы rubbks
a Классификационный индекс 36.992; ст36.992
702 Вторичная интеллектуальная ответственность _1
a Фамилия Ляхович
b Имя И.
4 Код отношения Переводчик
4 Код отношения 730
801 Источник записи _0
a Страна RU
b Организация Муниципальное бюджетное учреждение культуры "Централизованная библиотечная система" г. Сургут (Центральная городская библиотека им. А. С. Пушкина)
g Правила каталогизации ОБ/Котельникова
801 Источник записи _1
a Страна RU
b Организация Муниципальное бюджетное учреждение культуры "Централизованная библиотечная система" г. Сургут (Центральная городская библиотека им. А. С. Пушкина)
g Правила каталогизации ОБ/Котельникова
852 Данные о местонахождении __
j Шифр хранения 36.992
c Каталожный индекс 36.992
i Авторский знак С 81
p Инвентарный номер 69778
901 Тип документа 1_
t Тип документа m
903 Характеристики (МАРС) __
a Дата передачи 19981106
969 Тип издания __
a Тип издания энциклопедия
990 Данные о заказе (DOS) 00
j Количество экземпляров (DOS) 2
t N записи в КСУ для И/У (DOS) 199901